Words Starting With A - Statistics

General Stats
  • This quiz has been taken 130 times
  • The average score is 50 of 100
Answer Stats
Hint Answer % Correct
websites you can download App
99%
small insect Ant
96%
Red fruit Apple
96%
second biggest continet Africa
81%
Paints, Pencil, Paper, Crayon Art
81%
coldest continent Antarctica
80%
biggest continent Asia
80%
you breath it Air
77%
Dead or Alive
76%
crocodile relative Alligator
75%
A B C D E F G H Alphabet
75%
moms sister Aunt
75%
Bakers wear it Apron
74%
used to chop woods Axe
74%
2 plus 2 Add
73%
everything is another world for All
73%
name of the 1969 moon mission Apollo
73%
man in space Astronaut
73%
flying machine Airplane
70%
To every question there is a Answer
70%
gorillas, orangutans, chimpanzees Ape
69%
Swiss Mountains Alps
68%
a spiritual being Angel
66%
under your arm Armpit
66%
zoo for fishes Aquarium
65%
opposite of defend Attack
65%
llama relative Alpaca
63%
Scalene, obtuse, acute Angle
63%
ant eating mammal Anteater
63%
pimples Acne
62%
unit of land Acre
62%
A continent America
62%
How to tell somebody you need something Ask
62%
scared Afraid
61%
connects legs to foot Ankle
61%
From outer space Alien
58%
im sorry Apologize
57%
armored mammal Armadillo
57%
squirrel food Acorn
56%
a geography book Atlas
55%
Frogs, Toads, Salamanders, And Newts Amphibians
54%
a mooses horns Antler
54%
useless organ Appendix
54%
worn during battle Armor
53%
cars, trucks Automobile
53%
guacemole Avocado
53%
north African country Algeria
52%
Japanese moving drawings Anime
51%
starter food Appetizer
50%
I am ___ to do this Able
49%
orange fruit Apricot
48%
spiders & scorpions Arachnids
48%
connected to hands and fingers Arms
48%
bow and arrow Archery
47%
Infinity War Avenge
47%
north pole Arctic
46%
olympic exercisers Athlete
46%
fettucini sauce Alfredo
44%
green vegetable Asparagus
44%
cute Adorable
43%
moving drawings Animation
43%
several rooms in a building Apartment
42%
used to make roads Asphalt
42%
trophy Award
42%
help Aid
41%
several dotted islands Archipelago
41%
human body Anatomy
40%
a living creature Animal
40%
dry desert Arid
40%
fast horned hoofed mammal Antelope
39%
Add, Subtract, Multiply, & Divide Arithmetic
37%
insect eating mammal Aardvark
36%
leave behind Abandon
35%
big sea gull Albatross
35%
they are on old phones and tv Antenna
35%
end of the world Apocalypse
35%
consent to recieve Accept
33%
Where you live Address
32%
boiling hot green liquid Acid
30%
regard with respect Admire
29%
recognize the full worth of Appreciate
28%
man who flies Aviator
28%
school Academy
27%
White hair Albino
26%
Samsung, LG, Huawei, Xiaomi, OnePlus, Google Android
26%
when you see a snake you____ it Avoid
26%
guitar Acoustic
25%
thin island surrounded by lagoon Atoll
25%
hard heavy object Anvil
24%
computer mouse clicks with a Arrow
24%
sticky Adhesive
23%
hungry Appetite
22%
deep sea fish Anglerfish
21%
defending country Army
17%
green leafy fruit Artichoke
17%
a type of pills Aspirin
17%
A fish Anchovy
15%
goes on ice cream Almonds
13%
exoskeleton invertebrates Arthropods
12%
insectivorous species of hyena Aardwolf
11%
No matching quizzes found
Score Distribution
Percent of People with Each Score
Percentile by Number Answered
Your Score History
You have not taken this quiz